zpět

Detail výsledku týmu

Sport bar Texas, Cheb

Datum a čas kvízu

29.5 Celkem bodů Celkový počet nahraných bodů na tomto kvízu bez doplňovacích otázek.
2. Pořadí na kvízu Konečné umístění týmu na tomto kvízu.

Zaznamenané odpovědi

# Otázka Odpověď Body Výsledky
1. "Po ___ společných letech plný... třiceti 1
2. Ve které evropské zemi vyhrála... v Chorvatsku 0
3. Ve čtvrtek vystoupil v brněnsk... Slash 0
4. České vývojářské studio Warhor... Kingdom Come: Deliverance 0
5. Ligová fotbalová asociace zveř... Chance 1
6. Jihoafrická republika má de fa... Kapské město; Bloemfontein 0.5
7. Které evropské hlavní město se... Oslo 0
8. Zatímco některé země mají hlav... o Nauru 0
9. Které malebné hlavní město lež... Tallinn 1
10. Napište, které hlavní město (s... Reykjavík; Wellington 0.5